00550nam a2200157Ia 450000500170000000800410001708200190005810000110007724501070008826000600019530000110025565000100026694200060027695200950028299900150037720241218015452.0240331s9999 xx 000 0 und d bREB24704a305 aSom, R 0aSubhash Chandra Bose and the Resolution of the Women's Questions, Ideas and Ideologies :bMonograph II aNew DelhibCentre for Women's Development Studiesc2002 a43 p., aWomen cL 001040708LaWERCLbWERCLcSSCd2024-03-31l0o 305 SOMp4704r2024-03-31w2024-03-31yL c1510d1510